| 000 | 00939nam a2200265 a 4500 | ||
|---|---|---|---|
| 001 | BRCA_9122 | ||
| 005 | 20190320210528.0 | ||
| 008 | 051017s2017----mx-a######---#000-0#spa-# | ||
| 041 | _aspa | ||
| 044 | _amx | ||
| 084 |
_aAM23 _b.S47 2017 |
||
| 100 | 1 |
_aSepúlveda Jiménez, Lluvia _922500 |
|
| 245 | 1 | 0 |
_aLas prácticas expositivas _buna guía para la producción de exhibiciones _cLluvia Sepúlveda Jiménez, Marco Antonio Silva Barón ; ilustraciones Mary Carmen Arias Gálvez … [et al.]. |
| 260 |
_aMéxico _bArs Museografía _c2017 |
||
| 300 |
_a91 p. _bil. (algunas a color) _c27 cm. |
||
| 504 | _aBibliografía : p. [94] | ||
| 650 | 1 | 4 |
_aMuseos _vGuías _922501 |
| 650 | 1 | 4 |
_aMuseos _vExposiciones _922502 |
| 653 | 0 | _aCuraduría | |
| 653 | 0 | _aRegistro de obra | |
| 653 | 0 | _aManejo de colecciones | |
| 700 | 1 |
_aSilva Barón, Marco Antonio _ecoaut. _922503 |
|
| 700 | 1 |
_aArias Gálvez, Mary Carmen _eil. _922504 |
|
| 942 |
_2lcc _cB |
||
| 999 |
_c8770 _d8770 |
||